00905nam a22001937a 4500008004100000040005500041080003300096245003200129260003700161300001100198500006400209650001600273653001500289700002600304942001200330999001700342952017600359952017600535230515b |||||||| |||| 00| 0 eng d aNational Science LibrarycNational Science Library a551.5(082.2)(98/99)bJ7.1-.2 aPolar atmosphere symposium  aLondon: bPergamon Press, c1958 a341p.  aPart 1 (Meteorology section) Part 2 (Ionospheric section)  aAtmosphere  aGeography 1 aSutcliffe, R C (Ed.)  2udccBK c30328d30328 00102udc406551508229899_J71270945734aNSLbNSLcGF/Rk-9/C-24/R-2d2023-05-15hPart 1, 1958l0o551.5(082.2)(98/99) J7.1-.2p21638r2023-05-15 00:00:00w2023-05-15yBK 00102udc406551508229899_J71270945736aNSLbNSLcGF/Rk-9/C-24/R-2d2023-05-15hPart 2, 1958l0o551.5(082.2)(98/99) J7.1-.2p21441r2023-05-15 00:00:00w2023-05-15yBK